| 000 | 004810000a22001810004500 | ||
|---|---|---|---|
| 003 | MACL | ||
| 005 | 20151222121359.0 | ||
| 008 | 151222b xxu||||| |||| 00| 0 eng d | ||
| 040 |
_aMACL _cMACL |
||
| 041 | _aEnglish | ||
| 082 | _a306.54 | ||
| 100 |
_aChandra, Lokesh _921769 |
||
| 245 | _aIndia's Contribution to World Thought and Culture | ||
| 260 |
_bVivekananda Rock Memorial committee _c1970 |
||
| 350 | _a150 | ||
| 650 |
_aSocial Science _921770 |
||
| 942 |
_cBK _k306.54 _2ddc |
||
| 999 |
_c35634 _d35634 |
||